000 00495nam a2200181Ia 4500
008 180921t2001 xxu||||| |||| 00| 0 sin d
041 _asin
080 _a572
_bKUL
100 _aKulathilaka,Samanthi
245 _aමානව අතිතය 1
246 _aMaanava athithaya .1
260 _bKulathilaka
_aMaharagama
_c2001
300 _a71p., 21 cm
650 _aAnthropology
_aPalaeoanthropology
_aPrimate
942 _cBK
999 _c15573
_d15573
003 LK-CoDNM
040 _aLK-CoDNM
_dLK-CoDNM
_eLK-CoDNM